000 00723nam1a22002291i 4500
001 rc\3421777
005 20240726060710.0
035 _a(NLR Aleph) 007582106
090 _a5519543
_c5519543
100 _a20130115g1971 |||y0rusy50 ca
101 0 _arus
102 _aRU
105 _a z |||||
200 1 _aСобрание сочинений
_eВ 5 т.
_f[Вступ. статья Ю. Карасева, с. 5-28]. Т. 1-
210 _aМосква
_cХудож. лит.
_d1971-
215 _d21
700 1 _aГрибачев
_bН.М.
_f1910-1992
_gНиколай Матвеевич
702 1 _aКарасев
_bЮ.
_4080
801 0 _aRU
_bNLR
_gpsbo
801 1 _aRU
_bELAR
_2rusmarc
852 _aNLR
_j71-3/7179
942 _cBOOK